Ligue des Champions - Décodeur - Statistiques

Statistiques générales
  • Ce quiz a été pris 278 fois
  • Le résultat moyen est 18 sur 26
Statistiques - réponses
GroupeL Lettre Indice Réponse % Correct
Lettre A Club hollandais vainqueur à 4 reprises. Ajax Amsterdam
98%
Lettre L Club anglais le plus titré dans cette compétition. Liverpool FC
97%
Lettre R Club vainqueur le plus de fois de la Ligue des Champions. Real Madrid
92%
Lettre A Aucun club londonien n'a joué plus de matchs. Arsenal FC
90%
Lettre U Organisme qui organise la Ligue des champions. UEFA
87%
Lettre R Meilleur buteur de la Ligue des Champions. Cristiano Ronaldo
85%
Lettre E Pays ayant 20 ligue des champions grâce à ses représentants. Espagne
83%
Lettre A Entraîneur le plus titrées avec 5 titres. Carlo Ancelotti
82%
Lettre N Meilleur buteur brésilien de la compétition. Neymar Jr
82%
Lettre E Club serbe vainqueur surprise de la Ligue des champions 1991. Etoile Rouge Belgrade
80%
Lettre C Gardien ayant joué le plus de matchs de LDC. Iker Casillas
80%
Lettre E Camerounais ayant le plus joué de match de LDC. Samuel Eto'o
79%
Lettre O Unique club Français à avoir perdu tous ses matchs de phases de poules en une édition. Olympique de Marseille
78%
Lettre D Meilleur buteur africain de la compétition. Didier Drogba
74%
Lettre O En Grèce, aucun club n’a joué la Ligue des champions plus souvent que lui. Olympiakós FC
74%
Lettre X Joueur de champs ayant joué 157 matchs avec le FC Barcelone. (Record pour le Barca). Xavi
73%
Lettre U Pays du gardien grâce à son but qui a permis de qualifié le SL Benfica en phase finale. Ukraine
66%
Lettre L Meilleur buteur de la ligue des champions qui y participe encore. Robert Lewandowski
56%
Lettre G Plus jeune entraîneur à l'avoir remportée à 38 ans et 129 jours. Pep Guardiola
54%
Lettre P Plus vieux buteur de la Ligue des champions avec Porto contre la Royal Antwerp en 2013 à 40 ans et 254 jours. Pepe
51%
Lettre L Club polonais qui a joué le plus de fois en Ligue des champions. Legia Varsovie
50%
Lettre I Ville hôte de la finale historique de 2004-2005. Istanbul
49%
Lettre S Club roumain de la capitale, vainqueur de la Ligue des champions 1986. Steaua Bucarest
49%
Lettre E Plus jeune joueur brésilien à avoir marqué un but en phase de poules.(22 octobre 2025) Estêvão
36%
Phrase La Coupe aux grandes oreilles
36%
Lettre S Seul joueur à avoir remporté la coupe avec 3 clubs différents Clarence Seedorf
24%
Aucun quiz correspondant
Distribution des résultats
% des personnes avec chaque résultat
Percentile par nombre de réponses
Votre historique - résultats
Vous n’avez pas pris ce quiz